Kamen Rider Build Full Bottles Quiz Stats

 Plays Quiz not verified by Sporcle

Score 0/27 Timer 03:00
0 Plays Today
Hint Answer % Correct
OrganicRabbit
99.3%
InorganicTank
97.1%
OrganicGorilla
93.5%
OrganicTaka (Hawk)
90.5%
InorganicDiamond
90.1%
OrganicNinja
86.4%
InorganicGatling
82.6%
InorganicComic
82.1%
OrganicHarinezumi (Hedgehog)
80.8%
OrganicPanda
79.7%
OrganicDragon
78.4%
OrganicKaizoku (Pirate)
77.3%
OrganicLion
75.8%
InorganicRocket
75.7%
Hint Answer % Correct
OrganicOctopus
73.4%
InorganicRessha (Train)
73.4%
InorganicLock
72.1%
InorganicLight
69.7%
InorganicSoujiki (Vacuum Cleaner)
69.4%
Power-UpRabbit Tank Sparkling
68.2%
InorganicShoubousha (Fire Engine)
65.7%
Legend RiderGame
65.3%
Legend RiderDoctor
65%
OrganicBat
63.5%
OrganicCobra
61.4%
Legend RiderUSB
57.9%
Legend RiderTantei (Detective)
55.2%

You're not logged in!

Compare scores with friends on all Sporcle quizzes.
OR
Log In

Sporcle TV

Today on Sporcle TV


Watch our educational content, quiz creation guides, and fun videos on Sporcle TV.

Show Comments

Extras

Top Quizzes Today


Score Distribution

Your Account Isn't Verified!

In order to create a playlist on Sporcle, you need to verify the email address you used during registration. Go to your Sporcle Settings to finish the process.

Report this User

Report this user for behavior that violates our Community Guidelines.

Details: